Name the Airline - Statistics

General Stats
  • This quiz has been taken 24 times
  • The average score is 13 of 16
Answer Stats
Picture Answer % Correct
Lufthansa
95%
Ryanair
95%
Virgin
95%
Air Canada
89%
Qantas
89%
American Airlines
84%
British Airways
84%
Emirates
84%
KLM
84%
Delta
74%
Singapore Airlines
74%
Turkish Airways
74%
China Airlines
68%
Etihad Airways
63%
Japan Air
63%
Jet Star
58%
No matching quizzes found
Score Distribution
Percent of People with Each Score
Percentile by Number Answered
Your Score History
You have not taken this quiz